Chemical week. Buyers' guide issue.
Gespeichert in:
| Späterer Titel: | Chemical week. Buyers' guide & industry almanac |
|---|---|
| Vorheriger Titel: | Chemical week. Buyers' guide issue |
| Format: | Schriftenreihe |
| Sprache: | English |
| Veröffentlicht: |
New York, N.Y. :
McGraw-Hill.
|
| Schlagworte: | |
| Online Zugang: | Online version: Online version: |
| LEADER | 02117cas a2200493 a 4500 | ||
|---|---|---|---|
| 001 | c000188624 | ||
| 003 | CARM | ||
| 005 | 20051201114701.0 | ||
| 008 | 820602d19uu1998nyuar r 0 0eng d | ||
| 010 | |a 84649831 |z sn 87033544 |z sn 91034818 |z sn 90012221 | ||
| 019 | 1 | |a 24415525 |5 LACONCORD2021 | |
| 022 | |a 0009-272X | ||
| 035 | |a (OCoLC)8482857 |5 LACONCORD2021 | ||
| 040 | |a NR |b eng |c NR |d DLC |d DLC |d OCoLC |d T | ||
| 042 | |a lc | ||
| 050 | 0 | 0 | |a TP12 |b .C713 |
| 082 | 0 | 4 | |a 660.2 |
| 082 | 0 | 4 | |a 660.2/029/473 |2 19 |
| 245 | 0 | 0 | |a Chemical week. |p Buyers' guide issue. |
| 246 | 3 | 0 | |a Buyers' guide |
| 246 | 3 | 0 | |a Buyers' guide issue |
| 246 | 3 | |a Chemicalweek. |p Buyers' guide issue | |
| 246 | 3 | 0 | |a Chemical week. |p Buyers' guide |
| 260 | |a New York, N.Y. : |b McGraw-Hill. | ||
| 300 | |a v. : |b ill. ; |c 28 cm. | ||
| 310 | |a Annual | ||
| 362 | 1 | |a Ceased with 1998. | |
| 500 | |a Issued some years in two parts: Chemicals, and: Packaging and equipment. | ||
| 500 | |a Vols. for 1982-1986; 1990-<1994> have title: Chemical week. Buyers' guide. | ||
| 500 | |a Description based on: 1964; title from cover. | ||
| 530 | |a Beginning <1996> available also on CD-ROM, and latest issue available also online as the WWW ed. | ||
| 580 | |a Issued annually as a supplement to: Chemical week. | ||
| 650 | 0 | |a Chemical industry |v Directories. | |
| 772 | 1 | |t Chemical week |x 0009-272X |w (DLC)agr39000365 |w (OCoLC)1554014 | |
| 776 | 1 | |t Chemical week buyer's guide |w (OCoLC)34565374 | |
| 780 | 0 | 0 | |t Chemical week. Buyers' guide issue |
| 785 | 0 | 0 | |t Chemical week. Buyers' guide & industry almanac |w (DLC)sn 98048082 |w (OCoLC)40466578 |
| 856 | 4 | |z Online version: |u http://www.chemweek.com/tools/cwbg.html | |
| 856 | 4 | |z Online version: |u http://www.chemweekbuyersguide.com/public/ | |
| 852 | 8 | |b CARM |h A2:AN14B0 |i F00253 |p 0265682 |f SE | |
| 866 | 0 | |a 97:16(1966:10)-97:17(1966:10) | |
| 866 | 0 | |a 97:16(1966:10)-97:17(1966:10) | |
| 999 | f | f | |i 0afa03b5-c108-5aa1-b521-157f8f23cc8c |s ae538c3c-1d81-5621-a3e1-e477455e5b2d |
| 952 | f | f | |p Can circulate |a CAVAL |b CAVAL |c CAVAL |d CARM 1 Store |e F00253 |f A2:AN14B0 |h Other scheme |i book |k 97:16(1966:10)-97:17(1966:10) |m 0265682 |